| 000 | 00504nam a2200181Ia 4500 | ||
|---|---|---|---|
| 999 |
_c29550 _d29550 |
||
| 003 | OSt | ||
| 005 | 20210101100727.0 | ||
| 008 | 190216s9999||||xx |||||||||||||| ||und|| | ||
| 020 | _a9788130005560 | ||
| 040 | _coclc | ||
| 082 |
_a510 _bCHO/G |
||
| 100 |
_aChovva, Ismayeel _98052 |
||
| 245 | 0 |
_aGanitha Vinjaneeyam / _cIsmayeel Chovva |
|
| 260 |
_bPoorna Publications, _aKozhikode: _c2006. |
||
| 300 | _a144p | ||
| 650 | _aSahithyam | ||
| 942 |
_cBK _2ddc _h510 _iCHO/G _k510 _mCHO/G |
||